| 000 | 00000nam 2200000za 4500 |
| 001 | 9.644638 |
| 003 | CaOODSP |
| 005 | 20200813121901 |
| 007 | ta |
| 008 | 150407|1993||||xxc||||| f|0| 0 eng d |
| 020 | |a0-660-14789-0 |
| 040 | |aCaOODSP|beng |
| 043 | |an-cn--- |
| 086 | 1 |aCS51-501E |
| 245 | 00|aAviation in Canada : |bhistorical and statistical perspectives on civil aviation / |cby Trish Horricks. |
| 260 | |aOttawa - Ontario : |bStatistics Canada |c1993. |
| 300 | |a216p. : |bfigs., graphs, tables ; |c28 cm. |
| 500 | |aN.B.: Incorrect ISBN (0-660-14789-0E) printed in this publication. |
| 563 | |aSoftcover |
| 590 | |a93-41|b1993-10-15 |
| 690 | 07|aCivil aviation|2gcpds |
| 710 | 2 |aStatistics Canada. |
| 720 | 1 |aHorricks, Trish |
| 775 | 08|tL'aviation au Canada : |w(CaOODSP)9.678462 |
| 776 | 0#|tAviation in Canada |w(CaOODSP)9.825260 |